[Event "FRA-ch Blitz Online Qual"]
[Site "Europe Echecs INT"]
[Date "2020.05.16"]
[Round "2"]
[White "Gombrowicz, Renaud"]
[Black "Laville, Renaud"]
[Result "0-1"]
[WhiteElo "1343"]
[BlackElo "1774"]
[PlyCount "126"]
[EventDate "2020.05.16"]
[EventType "swiss (blitz)"]
[EventRounds "15"]
[EventCountry "FRA"]
[SourceTitle "CBM 196 Extra"]
[Source "ChessBase"]
[SourceDate "2020.07.31"]
[SourceVersion "1"]
[SourceVersionDate "2020.07.31"]
[SourceQuality "1"]

1. e4 c5 2. Nf3 Nc6 3. Bb5 g6 4. c3 Bg7 5. d4 cxd4 6. cxd4 a6 7. Ba4 b5 8. Bb3 d6 9. e5 dxe5 10. Nxe5 Nxe5 11. dxe5 Qxd1+ 12. Bxd1 Bxe5 13. 0-0 Bb7 14. Nc3 Bg7 15. Bb3 e6 16. Be3 Nf6 17. Bc5 Nd7 18. Bd6 Bf8 19. Bf4 Be7 20. Bh6 0-0-0 21. Rac1 Kb8 22. Bf4+ Ka8 23. Ne4 Bxe4 24. Rfd1 Nc5 25. Re1 Nxb3 26. axb3 Bd5 27. Rc7 Bd6 28. Bxd6 Rxd6 29. Rxf7 Bxb3 30. Rc1 Rhd8 31. h3 Rd1+ 32. Rxd1 Rxd1+ 33. Kh2 Rd2 34. Rxh7 Rxf2 35. Re7 Bd5 36. Kg3 Rxg2+ 37. Kh4 g5+ 38. Kh5 Rxb2 39. Kxg5 Rh2 40. h4 Rg2+ 41. Kh5 b4 42. Rc7 b3 43. Rc1 b2 44. Rb1 Ba2 45. Rxb2 Rxb2 46. Kh6 e5 47. h5 Bb1 48. Kg7 Rf2 49. h6 e4 50. h7 Rh2 51. h8Q+ Rxh8 52. Kxh8 e3 53. Kg7 e2 54. Kf6 e1Q 55. Kf7 Qa5 56. Ke7 Qb6 57. Kd7 Ka7 58. Ke8 Qc7 59. Kf8 Kb6 60. Ke8 Kc6 61. Kf8 Kd6 62. Kg8 Ke6 63. Kf8 Kf6 0-1

[Event "FRA-ch Blitz Online Qual"]
[Site "Europe Echecs INT"]
[Date "2020.05.16"]
[Round "13"]
[White "Laville, Renaud"]
[Black "Roux, Baptiste"]
[Result "0-1"]
[WhiteElo "1774"]
[BlackElo "2145"]
[PlyCount "110"]
[EventDate "2020.05.16"]
[EventType "swiss (blitz)"]
[EventRounds "15"]
[EventCountry "FRA"]
[SourceTitle "CBM 196 Extra"]
[Source "ChessBase"]
[SourceDate "2020.07.31"]
[SourceVersion "1"]
[SourceVersionDate "2020.07.31"]
[SourceQuality "1"]

1. d4 d5 2. Bf4 Nf6 3. e3 e6 4. Nd2 c5 5. c3 Bd6 6. Bg3 0-0 7. Ngf3 Qc7 8. Ne5 Nfd7 9. f4 f6 10. Nef3 Nc6 11. Bd3 e5 12. fxe5 fxe5 13. Bxh7+ Kxh7 14. Ng5+ Kg8 15. Ne6 Qb6 16. Nxf8 Nxf8 17. 0-0 cxd4 18. e4 dxc3+ 19. Bf2 d4 20. Nc4 Qc5 21. Nxd6 Qxd6 22. bxc3 Be6 23. cxd4 Nxd4 24. Rb1 b6 25. Qh5 Bf7 26. Qg4 Bc4 27. Rfd1 Rd8 28. Bxd4 exd4 29. Rbc1 Bxa2 30. Qe2 Bb3 31. Rd2 Ne6 32. e5 Qd5 33. Qg4 a5 34. Qg3 a4 35. Rf1 a3 36. Qf2 Rf8 37. Qe1 Rxf1+ 38. Qxf1 a2 39. Rf2 Qxe5 40. h3 d3 41. Qxd3 a1Q+ 42. Rf1 Qc5+ 43. Kh1 Qad4 44. Qxb3 Qcd5 45. Qg3 Qd3 46. Qf2 Qxh3+ 47. Kg1 Qhh5 48. Ra1 Qc5 49. Ra8+ Kh7 50. Qxc5 Qxc5+ 51. Kh2 Qe5+ 52. g3 Qe2+ 53. Kh3 Ng5+ 54. Kh4 Kg6 55. Rd8 Qh5# 0-1

[Event "FRA-ch Blitz Online Qual"]
[Site "Europe Echecs INT"]
[Date "2020.05.16"]
[Round "12"]
[White "Thomas, Anysia"]
[Black "Laville, Renaud"]
[Result "1-0"]
[WhiteElo "2160"]
[BlackElo "1774"]
[PlyCount "61"]
[EventDate "2020.05.16"]
[EventType "swiss (blitz)"]
[EventRounds "15"]
[EventCountry "FRA"]
[SourceTitle "CBM 196 Extra"]
[Source "ChessBase"]
[SourceDate "2020.07.31"]
[SourceVersion "1"]
[SourceVersionDate "2020.07.31"]
[SourceQuality "1"]

1. d4 Nf6 2. c4 Nc6 3. Nf3 d6 4. h3 g6 5. Nc3 Bg7 6. e4 0-0 7. d5 Nb4 8. Be3 c5 9. g4 e6 10. Be2 exd5 11. exd5 Nd7 12. Qd2 Ne5 13. Nxe5 Bxe5 14. a3 Na6 15. Bg5 Bf6 16. h4 Re8 17. 0-0-0 Nc7 18. Rde1 Bd7 19. Bxf6 Qxf6 20. h5 Qxf2 21. hxg6 hxg6 22. Kc2 Qe3 23. Qd1 Qf2 24. Qd2 Qe3 25. Qd1 Qf2 26. Ref1 Qd4 27. Qc1 Qe3 28. Qe1 b5 29. Qh4 Qe5 30. Qh7+ Kf8 31. Qxf7# 1-0